00550nam a2200121 a 450000100100000000500170001000800410002704000250006810000270009324502300012026000570035030000210040700003233020200930065602.0110714s1925 dr 000 0 spa d aDO-SdBNPbspacBNPHU1 aRepública Dominicana10aMemoria que al Hon. presidente de la República, presenta el Lic. P. A. Luberes Hijo, secretario de Estado de Justicia é Instrucción Pública de su ejercicio durante el período del 12 de julio al 31 de diciembre 1924. aSanto Domingo :bImp. de J. R. Vda. García,c1925. a112 p. ;c27 cm.